Il Libro della IV Classe Elementare

Gespeichert in:
Bibliographische Detailangaben
1. Verfasser: Mussolini
Format: Buch
Sprache:Undetermined
Veröffentlicht: Roma, Italia Scuole Italione all´estero 1934
Schlagworte:
Tags: Tag hinzufügen
Keine Tags, Fügen Sie den ersten Tag hinzu!

MARC

LEADER 00000nam a2200000Ia 4500
008 170316s9999 xx 000 0 und d
999 |c 8182  |d 8182 
040 |a cru BVZT 
090 |a 850 M-9i 
100 |a Mussolini 
245 |a Il Libro della IV Classe Elementare  |c / Mussolini 
260 |a Roma, Italia  |b Scuole Italione all´estero  |c 1934 
300 |a 200 páginas 
650 |a LITERATURA ITALIANA  |9 212 
942 |c SALA  |h 850 M-9i  |2 z